| Поле | Название | Значение |
| |
Тип записи |
a |
| |
Библиографический уровень |
m |
| 001 |
Контрольный номер |
RU\NLR\BIBL_A\011901803 |
| 005 |
Дата корректировки |
20201221142556.3 |
| 010 |
Индекс ISBN |
__ |
| a |
ISBN |
978-5-6040121-8-5 (в пер.) |
| d |
Цена |
858-30 |
| 021 |
№ государственной регистрации |
__ |
| b |
№ документа |
2018-91261 |
| 100 |
Данные общей обработки |
__ |
| a |
Данные общей обработки |
19181227d2018 |||y0rusy0189 ca |
| 101 |
Язык документа |
0_ |
| a |
Язык текста |
rus |
| 102 |
Страна публикации |
__ |
| a |
Страна публикации |
RU |
| 102 |
Страна публикации |
__ |
| a |
Страна публикации |
RU |
| 105 |
Кодированные данные (монография) |
__ |
| a |
Кодированные данные (монография) |
abc|||||000zy |
| 200 |
Заглавие и сведения об ответственности |
1_ |
| a |
Заглавие |
Остров семи ветров |
| e |
Сведения, относящиеся к заглавию |
сказки и легенды о пиратах и морских чудесах : с приложением карты и настольной игры : для среднего школьного возраста |
| f |
Первые сведения об ответственности |
Олард Диксон |
| 203 |
Вид содержания и тип средства |
__ |
| a |
Вид содержания |
Текст |
| c |
Тип средства |
непосредственный |
| 210 |
Выходные данные |
__ |
| a |
Место издания |
Москва |
| c |
Издательство |
Примула |
| d |
Дата издания |
2018 |
| 215 |
Физическое описание |
__ |
| a |
Объем |
127 с. |
| c |
Иллюстрации/тип воспроизводства |
ил. |
| d |
Формат |
26 см |
| e |
Сопроводительные материалы |
1 л. игровое поле |
| 330 |
Аннотация |
__ |
| a |
Аннотация |
В книге представлены сказки, легенды и мифы различных народов мира в авторской обработке, объединенные темой морских приключений и пиратства. Особое внимание уделено фольклору побережий Черного и Балтийского морей: от античной мифологии до поморских бывальщин XIX века. Тексты сказок имеют развивающий характер, дают необходимые знания по истории и географии, учат добру и справедливости. Решая сопутствующие задания, читатель осваивает азы морского дела, учится ориентироваться по компасу, находить координаты судна, терпящего бедствие, изучает семафорную азбуку и морские узлы. В приложении приводится настольная игра "Пираты", одобренная для печати еще Максимом Горьким, но так и не получившая широкого распространения. Для среднего школьного возраста. |
| 333 |
Примечание о целевом назначении |
__ |
| a |
Примечание о целевом назначении |
12+. Для детей старше 12 лет |
| 606 |
Тематические рубрики |
__ |
| a |
Основная рубрика |
Художественная литература |
| 606 |
Тематические рубрики |
__ |
| a |
Основная рубрика |
Современная русская литература (произведения) |
| 610 |
Ключевые слова |
__ |
| a |
Ключевые слова |
детская литература |
| 610 |
Ключевые слова |
__ |
| a |
Ключевые слова |
пираты |
| 610 |
Ключевые слова |
__ |
| a |
Ключевые слова |
легенды |
| 610 |
Ключевые слова |
__ |
| a |
Ключевые слова |
сказки |
| 610 |
Ключевые слова |
__ |
| a |
Ключевые слова |
сказки о пиратах |
| 610 |
Ключевые слова |
__ |
| a |
Ключевые слова |
тема пиратов |
| 610 |
Ключевые слова |
__ |
| a |
Ключевые слова |
тема морских приключений |
| 610 |
Ключевые слова |
__ |
| a |
Ключевые слова |
морские приключения |
| 610 |
Ключевые слова |
__ |
| a |
Ключевые слова |
настольные игры |
| 610 |
Ключевые слова |
__ |
| a |
Ключевые слова |
мифы |
| 610 |
Ключевые слова |
__ |
| a |
Ключевые слова |
фольклор |
| 610 |
Ключевые слова |
__ |
| a |
Ключевые слова |
мифы |
| 610 |
Ключевые слова |
__ |
| a |
Ключевые слова |
география |
| 610 |
Ключевые слова |
__ |
| a |
Ключевые слова |
тема географии |
| 610 |
Ключевые слова |
__ |
| a |
Ключевые слова |
развивающая литература |
| 610 |
Ключевые слова |
__ |
| a |
Ключевые слова |
развивающие игры |
| 610 |
Ключевые слова |
__ |
| a |
Ключевые слова |
сказки народов мира |
| 686 |
Индексы других классификаций |
__ |
| 2 |
Код системы |
rubbks |
| a |
Классификационный индекс |
ст84(2=411.2)6-4 |
| 700 |
Автор |
_1 |
| a |
Фамилия |
Диксон |
| b |
Имя |
О. |
| g |
Полное личное имя |
Олард |
| 4 |
Код отношения |
070 |
| 801 |
Источник записи |
_0 |
| a |
Страна |
RU |
| b |
Организация |
NLR |
| c |
Дата составления |
20181227 |
| g |
Правила каталогизации |
PSBO |
| 801 |
Источник записи |
_2 |
| a |
Страна |
RU |
| b |
Организация |
Муниципальное бюджетное учреждение культуры "Централизованная библиотечная система" г. Сургут (Центральная городская библиотека им. А. С. Пушкина) |
| c |
Дата составления |
20181227 |
| 852 |
Данные о местонахождении |
__ |
| j |
Шифр хранения |
ст84(2=411.2)6-4 |
| i |
Авторский знак |
Д 45 |
| 901 |
Тип документа |
__ |
| a |
Ответственный |
КиК/Котельникова |
| t |
Тип документа |
m |
| 903 |
Характеристики (МАРС) |
__ |
| a |
Дата передачи |
20201123 |
| 911 |
|
__ |
| u |
|
336a=Текст |
| 911 |
|
__ |
| u |
|
337a=непосредственный |
| 969 |
Тип издания |
__ |
| a |
Тип издания |
издание для детей |
| a |
Тип издания |
настольная игра |
| 990 |
Данные о заказе (DOS) |
__ |
| j |
Количество экземпляров (DOS) |
6 |
| t |
N записи в КСУ для И/У (DOS) |
202011 |